| 000 | 00375nam a2200145Ia 4500 | ||
|---|---|---|---|
| 008 | 230524s9999 xx 000 0 und d | ||
| 020 | _a8176060607 | ||
| 100 |
_aCharles Dickens _936629 |
||
| 245 | 0 | _aCharles Dickens Selected Stories | |
| 250 | _a2 nd ed | ||
| 260 | _bProjapoti | ||
| 500 | _aQuantity Number: 1 | ||
| 650 |
_aPersonality Development _936630 |
||
| 942 | _cBK | ||
| 999 |
_c50673 _d50673 |
||